000 00260nam a2200097Ia 4500
001 652729
005 20250826154444.0
008 250824s9999 xx 000 0 und d
245 0 _aGELİNCİK DİZ/SICAK EKMEK
_cGÜLTEN DAYIOĞLU
260 _bALTIN KİTAP YAYINLARI
999 _c652729
_d652729